| 000 | 00534nam a22001817a 4500 | ||
|---|---|---|---|
| 003 | NUST - PNEC | ||
| 005 | 20170116180809.0 | ||
| 008 | 150424b xxu||||| |||| 00| 0 eng d | ||
| 020 | _a1853833088 | ||
| 040 | _cLIBRARY | ||
| 082 | _a658.408 WEL | ||
| 100 |
_93202 _aWelford, Richard |
||
| 245 |
_aCorporate environmental management 1 systems and strategies _cRichard Welford |
||
| 260 |
_aLodon : _bEarthscan Publications Ltd ; _cc1996. |
||
| 300 | _a275 p. : | ||
| 650 |
_93204 _aIndustrial management _xGeneral |
||
| 942 |
_2ddc _cBK |
||
| 999 |
_c63299 _d63299 |
||